الإحصائيات لـ الشرق الأوسط بالصورة

أنقر هنا لكي تخضع للإختبار!

الإحصائيات العامة

  • هذا الإختبار تم الخضوع له 75 مره
  • الدرجة المتوسطة هي 3 من 12

إحصائيات الإجابة

Answer% صحيح
الرياض
84%
برج خليفة
70%
الكويت
47%
جمل
46%
مكة المكرمة
40%
البحر الميت
32%
سوريا
11%
طهران
2%
برج أل عرب
0%
دولة قطر
0%
جبل المعبد
0%
عَمَّان
0%

توزيع النقاط

النسبة وفقا للأرقام

نسبة الأشخاص لكل درجة

سجل النقاط الخاصة بك

لم تضخع لهذا الإختبار